000 00569nam a2200193Ia 4500
005 20250508153655.0
008 008 250505s9999 xx 000 0 eng d
037 _aTextual
040 _aFEDL
_beng
_cFEDL
041 _aeng
_2eng
084 _a370.953, MAT
_qFEDL
100 _aMatthews Roderic D
_9764196
245 0 _aEducation in Arab countireis of the near east
260 _aWashington, USA
_bAmerican Council on Education
_c1950
300 _axxiv,584p.
650 _aEducation
942 _cTEXL
_h370.953, MAT
999 _c1344710
_d1344710